[Event "Kiev Spring op"]
[Site "Kiev"]
[Date "2021.07.17"]
[Round "9"]
[White "Filindash, Nikita"]
[Black "Vinnyk, Mykhaylo"]
[Result "0-1"]
[WhiteElo "1230"]
[BlackElo "1773"]
[PlyCount "100"]
[EventDate "2021.07.10"]
[EventType "swiss"]
[EventRounds "9"]
[EventCountry "UKR"]
[SourceTitle "EXT 2024"]
[Source "ChessBase"]
[SourceDate "2023.10.10"]
[SourceVersion "1"]
[SourceVersionDate "2023.10.10"]
[SourceQuality "1"]

1. d4 c5 2. e3 Nf6 3. Nf3 e6 4. Bd3 Nc6 5. b3 d5 6. Bb2 Be7 7. a3 0-0 8. 0-0 Ne4 9. Nbd2 f5 10. Ne5 Rb8 11. Ndf3 Qc7 12. Nxc6 bxc6 13. Rb1 cxd4 14. Bxd4 Bd6 15. Bb2 Nc5 16. Ng5 Bxh2+ 17. Kh1 Be5 18. Qh5 h6 19. Bxe5 Qxe5 20. Nf3 Qf6 21. Nh2 e5 22. f4 e4 23. Be2 Qc3 24. g4 fxg4 25. Bxg4 Qf6 26. Rg1 Kh7 27. Bxc8 Rbxc8 28. Rg2 Ne6 29. Ng4 Qf5 30. Qh4 Rc7 31. Rh2 Kg8 32. Ne5 d4 33. Rg1 Rf6 34. Ng4 Rg6 35. Nxh6+ gxh6 36. Rxg6+ Qxg6 37. Rg2 Ng5 38. fxg5 h5 39. exd4 Rd7 40. Qf2 Rf7 41. Qe3 Rf3 42. Qe2 Qf5 43. Kg1 h4 44. Qe1 Qf4 45. Rh2 Rg3+ 46. Rg2 Rxg2+ 47. Kxg2 Qf3+ 48. Kh2 h3 49. Qg1 e3 50. d5 Qf2+ 0-1

[Event "Kiev Shystarev Memorial 1st"]
[Site "Kiev"]
[Date "2020.08.28"]
[Round "5"]
[White "Salimsky, Alexandr"]
[Black "Vinnyk, Mykhaylo"]
[Result "1-0"]
[WhiteElo "2083"]
[BlackElo "1805"]
[PlyCount "69"]
[EventDate "2020.08.25"]
[EventType "swiss"]
[EventRounds "9"]
[EventCountry "UKR"]
[SourceTitle "EXT 2022"]
[Source "ChessBase"]
[SourceDate "2021.10.06"]
[SourceVersion "1"]
[SourceVersionDate "2021.10.06"]
[SourceQuality "1"]

1. e4 c5 2. Nf3 e6 3. d4 cxd4 4. Nxd4 Nf6 5. Nc3 Nc6 6. Nxc6 bxc6 7. e5 Nd5 8. Ne4 Qc7 9. f4 Qb6 10. c4 Bb4+ 11. Ke2 f5 12. Nf2 Ba6 13. Kf3 Ne7 14. Be3 Qd8 15. Qa4 Qa5 16. Qxa5 Bxa5 17. b3 g5 18. g3 Kf7 19. Rd1 g4+ 20. Ke2 Nd5 21. Bd2 Bxd2 22. Kxd2 Nc7 23. Kc3 Rad8 24. Nd3 h5 25. h4 Ke7 26. Bg2 Bc8 27. b4 Rh7 28. Rd2 Kf8 29. Rhd1 Na6 30. a4 Nb8 31. Nc5 Re7 32. Rd6 Rde8 33. b5 cxb5 34. axb5 Rh7 35. Ra1 1-0